Science Quiz

Random Science or Math Quiz

Cube Roots Quiz Stats

 Plays Quiz Updated Feb 3, 2015

Score 0/25 Timer 04:00
17 Plays Today
Number Answer % Correct
273
94.9%
82
94.2%
11
93.1%
2166
92.3%
1255
90.9%
644
90.8%
1,00010
89.2%
1,000,000,0001000
88.5%
2,19713
86.6%
7299
86.2%
8,00020
85.9%
5128
85.4%
2,74414
85.1%
Number Answer % Correct
1,000,000100
84.6%
1,72812
84%
1,33111
83.5%
3437
83%
125,00050
81.5%
10,64822
80.7%
4,91317
80.4%
9,26121
80.1%
4,09616
80%
6,85919
78.9%
3,37515
78.8%
5,83218
76.8%

You're not logged in!

Compare scores with friends on all Sporcle quizzes.
OR
Log In

You Might Also Like...

Show Comments

Extras

Top Quizzes Today


Score Distribution

Your Account Isn't Verified!

In order to create a playlist on Sporcle, you need to verify the email address you used during registration. Go to your Sporcle Settings to finish the process.

Report this User

Report this user for behavior that violates our Community Guidelines.

Details: